000 01048 a2200265 4500
003 Nust
005 20231115114340.0
010 _a 93006502
020 _a0442015925 (v. 1)
020 _a0442015933 (v. 2)
020 _a0442015941 (v. 3)
020 _a0442015968 (v. 4)
040 _cNust
082 0 0 _a621.380283,ANT
245 0 0 _aAntenna handbook :
_btheory applications and design /
_cedited by Y.T. Lo, S.W. Lee.
260 _aNew York :
_bVan Nostrand Reinhold,
_cc1993.
300 _avarious paging
_bill. ;
_c25 cm.
505 0 _aPart 1: Fundamentals and mathematical techniques (Page 1-3), Part 2: Antenna theory (Page 5-3), Part 3: Applications (Page 17-3), Part 4: Related topics (Page 28-3).
650 0 _aTelecommunication engineering
700 1 _aLee, S. W.
_9105244
700 1 _aLo, Y. T.
_9105245
856 4 2 _3Publisher description
_uhttp://www.loc.gov/catdir/enhancements/fy0813/93006502-d.html
856 4 2 _3Table of contents only
_uhttp://www.loc.gov/catdir/enhancements/fy0813/93006502-t.html
942 _2ddc
_cBK
999 _c181143
_d181143